[Event "OP-2015-0-03670"]
[Site "LSS email"]
[Date "2015.03.12"]
[Round "?"]
[White "Saccinto, Eraldo"]
[Black "Lenz, Juergen"]
[Result "1-0"]
[WhiteElo "1954"]
[BlackElo "1081"]
[PlyCount "31"]
[EventDate "2015.03.07"]
[EventType "tourn (corr)"]
[EventRounds "4"]
[EventCountry "GER"]
[SourceTitle "Corr 2022"]
[Source "ChessBase"]
[SourceDate "2021.10.24"]
[SourceVersion "1"]
[SourceVersionDate "2021.10.24"]
[SourceQuality "1"]

1. Nf3 Nf6 2. c4 d6 3. Nc3 Bf5 4. d4 c6 5. Nh4 Bd7 6. e4 e5 7. Nf3 Qc7 8. Be2 Be7 9. 0-0 a5 10. c5 exd4 11. cxd6 Bxd6 12. Qxd4 Be7 13. e5 Ng4 14. h3 Nh6 15. Bxh6 gxh6 16. e6 1-0

[Event "IECC M2-2007.T23"]
[Site "IECC email"]
[Date "2007.05.25"]
[Round "?"]
[White "Saccinto, Eraldo"]
[Black "Broyles, Jack"]
[Result "1/2-1/2"]
[WhiteElo "2035"]
[BlackElo "2131"]
[PlyCount "51"]
[EventDate "2007.??.??"]
[EventType "match (corr)"]
[EventRounds "2"]
[SourceTitle "Corr 2011"]
[Source "ChessBase"]
[SourceDate "2010.08.31"]
[SourceVersion "1"]
[SourceVersionDate "2010.08.31"]
[SourceQuality "1"]
[WhiteTeam "US of America"]
[BlackTeam "South Africa"]
[WhiteTeamCountry "USA"]
[BlackTeamCountry "RSA"]

1. d4 Nf6 2. c4 e6 3. Nc3 Bb4 4. e3 0-0 5. Bd3 d5 6. Nf3 c5 7. 0-0 dxc4 8. Bxc4 cxd4 9. exd4 a6 10. Bg5 b5 11. Bd3 Be7 12. a4 b4 13. Ne4 Bb7 14. Nc5 Bxc5 15. dxc5 Nbd7 16. Rc1 Rc8 17. Bxf6 gxf6 18. c6 Rxc6 19. Rxc6 Bxc6 20. Bxh7+ Kg7 21. Nd4 Ne5 22. f4 Bxa4 23. b3 Nc6 24. Qg4+ Kxh7 25. Rd1 Nxd4 26. Qh4+ 1/2-1/2